Diccionario de ecología /

Obra que contiene las locuciones más utilizadas en ecología. Asimismo, reúne en un anexo legislativo diez acuerdos internacionales que han suscrito algunos estados con el propósito de proteger el medio ambiente.

محفوظ في:
التفاصيل البيبلوغرافية
المؤلف الرئيسي: Godoy, Emiliano V. (autor)
التنسيق: كتاب
اللغة:الإسبانية
منشور في: Buenos Aires, Argentina : Valletta, 2005, c2005
سلاسل:(Diccionarios Temáticos Valleta)
الموضوعات:
الوسوم: إضافة وسم
لا توجد وسوم, كن أول من يضع وسما على هذه التسجيلة!

MARC

LEADER 00000nam^a2200000^a^4500
001 000187637
005 20250521000000.0
009 20260310102310.409
020 |a 950-743-254-X 
037 |a Acervo ITESO - Biblioteca 
041 |a ESP 
082 |a 574. 503  |b GOD 
100 |a Godoy, Emiliano V.  |e (autor) 
245 1 0 |a Diccionario de ecología /  |c E.V. Godoy. 
264 4 |a Buenos Aires, Argentina :  |b Valletta,  |c 2005, c2005 
336 |a texto  |b txt  |2 rdacontenido 
337 |a sin mediación  |b n  |2 rdamedio 
338 |a volumen  |b nc  |2 rdasoporte 
440 1 |a (Diccionarios Temáticos Valleta) 
520 |a Obra que contiene las locuciones más utilizadas en ecología. Asimismo, reúne en un anexo legislativo diez acuerdos internacionales que han suscrito algunos estados con el propósito de proteger el medio ambiente. 
649 |a XX 
650 |a Ecología -  |x Enciclopedias y Diccionarios 
650 |a Biología -  |x Enciclopedias y Diccionarios 
650 |a Ciencias Naturales -  |x Enciclopedias y Diccionarios 
650 |a Tratados Internacionales 
650 |a Tratados Internacionales 
650 |a Derecho Ambiental -  |x Leyes y Reglamentos 
650 |a Derecho Público -  |x Leyes y Reglamentos 
650 |a Derecho Internacional -  |x Leyes y Reglamentos 
650 |a Enciclopedias y Diccionarios 
910 |a Fondo General 
920 |a Impresos - Libros 
930 |a Obras de Referencia 
905 |a 102 
901 |a 0500130182  |b IT2  |c REF  |u 20250521 
902 |a https://opac.biblio.iteso.mx/vufind/Record/000187637